Statistics for All Island Countries and their Capitals

Click here to take the quiz!

General Stats

  • This quiz has been taken 144 times
  • The average score is 74 of 94

Answer Stats

Country% Correct
Malta
95%
Haiti
94%
Antigua and Barbuda
93%
Bahamas
93%
Barbados
93%
Cuba
93%
Cyprus
93%
Dominica
93%
New Zealand
93%
Seychelles
93%
Cape Verde
92%
Dominican Republic
92%
Japan
92%
Mauritius
92%
Saint Lucia
92%
Fiji
91%
Iceland
91%
Ireland
91%
Jamaica
91%
Maldives
91%
Nauru
91%
Saint Kitts and Nevis
91%
Saint Vincent and the Grenadines
91%
Sri Lanka
91%
Taiwan
91%
Trinidad and Tobago
91%
Tuvalu
91%
Vanuatu
91%
Comoros
90%
Grenada
90%
Madagascar
90%
Sao Tome
90%
São Tomé and Príncipe
90%
Dublin
89%
Indonesia
89%
Palau
89%
Samoa
89%
United Kingdom
89%
Havana
88%
Solomon Islands
88%
Tokyo
88%
Tonga
88%
Wellington
88%
London
87%
Jakarta
86%
Kiribati
86%
Marshall Islands
86%
Philippines
86%
Reykjavik
86%
Kingston
85%
Kingstown
85%
Taipei
85%
Port-Au-Prince
84%
Bahrain
82%
Manila
82%
Nassau
82%
Nicosia
82%
Valletta
82%
Federated States of Micronesia
81%
Papua New Guinea
80%
Brunei
79%
East Timor
79%
Singapore
79%
Singapore
79%
Santo Domingo
78%
Antananarivo
71%
Port of Spain
71%
Male
70%
Bridgetown
69%
Victoria
68%
Port Moresby
67%
Saint John's
66%
Suva
66%
Praia
64%
St George's
63%
Dili
62%
Port Louis
62%
Roseau
62%
Sri Jayawardenepura Kotte
61%
Basseterre
59%
Castries
59%
Bandar Seri Begawan
58%
Manama
57%
Port Vila
57%
Apia
56%
Moroni
56%
Majuro
54%
Honiara
53%
Nuku'alofa
53%
Funafuti
52%
Yaren
52%
Palikir
51%
Ngerulmud
48%
Tarawa
44%

Score Distribution

Percentile by Number Answered

Percent of People with Each Score

Your Score History

You have not taken this quiz